[Event "ESP-ch Rapid"]
[Site "Linares"]
[Date "2023.08.19"]
[Round "6"]
[White "Martinez Reyes, Pedro Ramon"]
[Black "Moreno Ruiz, Javier"]
[Result "1-0"]
[WhiteElo "2354"]
[BlackElo "2416"]
[PlyCount "57"]
[EventDate "2023.08.19"]
[EventType "swiss (rapid)"]
[EventRounds "10"]
[EventCountry "ESP"]
[SourceTitle "CBM 215 Extra"]
[Source "ChessBase"]
[SourceDate "2023.09.30"]
[SourceVersion "1"]
[SourceVersionDate "2023.09.30"]
[SourceQuality "1"]

1. e4 e6 2. d4 d5 3. Nc3 Bb4 4. Qd3 Ne7 5. Bd2 b6 6. Nge2 Ba6 7. Qf3 0-0 8. exd5 exd5 9. 0-0-0 Nbc6 10. a3 Bxc3 11. Bxc3 Qd7 12. g4 Rae8 13. Bh3 Ng6 14. Nf4 Nxf4 15. Qxf4 Re4 16. Qg3 Qd6 17. Bg2 Rf4 18. Bxd5 Qxd5 19. Qxf4 Qa2 20. b3 Qxa3+ 21. Bb2 Qa5 22. Qf5 Qa2 23. d5 Nb4 24. g5 Qa5 25. Qe5 f6 26. gxf6 Rxf6 27. Rhg1 Qc5 28. Rxg7+ Kh8 29. Rxc7 1-0

[Event "ESP-chT CECLUB Div2"]
[Site "Linares"]
[Date "2022.08.22"]
[Round "1.4"]
[White "Barbot, Pierre"]
[Black "Moreno Ruiz, Javier"]
[Result "1/2-1/2"]
[WhiteElo "2438"]
[BlackElo "2428"]
[PlyCount "141"]
[EventDate "2022.08.22"]
[EventType "team-swiss"]
[EventRounds "7"]
[EventCountry "ESP"]
[SourceTitle "CBM 209 Extra"]
[Source "ChessBase"]
[SourceDate "2022.09.30"]
[SourceVersion "1"]
[SourceVersionDate "2022.09.30"]
[SourceQuality "1"]
[WhiteTeam "Grandama Santa Lucia"]
[BlackTeam "Mostoles"]
[WhiteTeamCountry "ESP"]
[BlackTeamCountry "ESP"]

1. d4 d5 2. c4 dxc4 3. e3 e5 4. Bxc4 exd4 5. exd4 Bd6 6. Nf3 Nf6 7. 0-0 0-0 8. Nc3 Nc6 9. h3 h6 10. Qc2 Nb4 11. Qb1 Be6 12. Bxe6 fxe6 13. Re1 Qe8 14. Bd2 Rd8 15. a3 Nbd5 16. Nxd5 Nxd5 17. Qe4 Rf6 18. Re2 Qf7 19. Ne1 c6 20. Nd3 Ne7 21. Rae1 Nf5 22. Bc3 h5 23. Nc5 Bxc5 24. dxc5 Rg6 25. Qf4 Rd5 26. Re5 Qd7 27. g3 Rd3 28. Kh2 a6 29. Qe4 Rd5 30. Rxe6 Rxe6 31. Qxe6+ Qxe6 32. Rxe6 Kf7 33. Re5 Rxe5 34. Bxe5 Ke6 35. Bc3 g6 36. g4 hxg4 37. hxg4 Nh6 38. Kg3 Kd5 39. f4 Kxc5 40. f5 gxf5 41. g5 Ng8 42. Kf4 Kd5 43. Kxf5 c5 44. g6 Ne7+ 45. Kf6 Nxg6 46. Kxg6 Kc4 47. Kf5 b5 48. Bf6 b4 49. a4 a5 50. Ke6 Kb3 51. Kd5 Kxa4 52. Kc4 b3 53. Kd5 Kb5 54. Be7 c4 55. Kd4 Ka4 56. Kc3 Kb5 57. Kd4 Ka4 58. Bg5 Kb5 59. Bc1 a4 60. Kc3 a3 61. bxa3 Ka6 62. Bb2 Kb5 63. Kd4 c3 64. Kxc3 Ka6 65. Kb4 Kb7 66. Kb5 Ka8 67. Kb6 Kb8 68. a4 Ka8 69. a5 Kb8 70. a6 Ka8 71. a7 1/2-1/2

[Event "ESP-ch 87th"]
[Site "Linares"]
[Date "2022.08.17"]
[Round "8"]
[White "Moreno Ruiz, Javier"]
[Black "Gines Esteo, Pedro Antonio"]
[Result "1/2-1/2"]
[WhiteElo "2428"]
[BlackElo "2472"]
[PlyCount "94"]
[EventDate "2022.08.11"]
[EventType "swiss"]
[EventRounds "9"]
[EventCountry "ESP"]
[SourceTitle "CBM 209 Extra"]
[Source "ChessBase"]
[SourceDate "2022.09.30"]
[SourceVersion "1"]
[SourceVersionDate "2022.09.30"]
[SourceQuality "1"]

1. e4 c6 2. c4 e5 3. Nf3 d6 4. d4 Nd7 5. Nc3 Ngf6 6. Be2 Be7 7. 0-0 0-0 8. Qc2 a6 9. Rd1 Qc7 10. Rb1 Re8 11. b4 exd4 12. Nxd4 Bf8 13. Bf4 Ne5 14. Bg3 b5 15. cxb5 cxb5 16. Bh4 Ned7 17. Rbc1 Bb7 18. Qb3 Rac8 19. f3 Qb8 20. Bf1 Qa8 21. Nf5 d5 22. Nxd5 Bxd5 23. exd5 Rxc1 24. Rxc1 Qxd5 25. Qxd5 Nxd5 26. a3 g6 27. Nd4 Re3 28. Rd1 N7b6 29. Rd3 Bg7 30. Nc2 Rxd3 31. Bxd3 Bb2 32. Bf2 f5 33. Bxb6 Nxb6 34. g4 fxg4 35. fxg4 Nc4 36. a4 Kf7 37. axb5 axb5 38. Be4 Kf6 39. Bc6 Nd6 40. Kg2 Kg5 41. h3 Kf4 42. Kh2 Bc3 43. Kg2 Be5 44. Na3 Nc4 45. Nc2 Nd6 46. Na3 Nc4 47. Nc2 Nd6 1/2-1/2

[Event "ESP-ch 87th"]
[Site "Linares"]
[Date "2022.08.14"]
[Round "5"]
[White "Cesar Maestre, Bernardo"]
[Black "Moreno Ruiz, Javier"]
[Result "0-1"]
[WhiteElo "2302"]
[BlackElo "2428"]
[PlyCount "114"]
[EventDate "2022.08.11"]
[EventType "swiss"]
[EventRounds "9"]
[EventCountry "ESP"]
[SourceTitle "CBM 209 Extra"]
[Source "ChessBase"]
[SourceDate "2022.09.30"]
[SourceVersion "1"]
[SourceVersionDate "2022.09.30"]
[SourceQuality "1"]

1. e4 e6 2. d4 d5 3. Nd2 c5 4. Ngf3 cxd4 5. Nxd4 Nf6 6. Bd3 e5 7. N4b3 Nc6 8. 0-0 Be7 9. c3 0-0 10. exd5 Qxd5 11. Qe2 Bg4 12. f3 Be6 13. Ne4 Rad8 14. Nxf6+ Bxf6 15. Be4 Qd6 16. Be3 b6 17. Qb5 Ne7 18. Qe2 Qc7 19. Qc2 Nd5 20. Bf2 g6 21. Rfe1 Nf4 22. Rad1 Bg5 23. h4 Bh6 24. Nc1 Bg7 25. Ne2 Nd5 26. Qa4 Bh6 27. Nc1 Rd7 28. Bc2 Rfd8 29. Nd3 Bg7 30. Bg3 f6 31. Bb3 Bf7 32. Nc1 Bh6 33. Qe4 Nf4 34. Bxf4 Bxf4 35. Bxf7+ Kxf7 36. Rxd7+ Qxd7 37. Ne2 Bh6 38. h5 Qd5 39. hxg6+ hxg6 40. Qa4 Qc5+ 41. Kf1 b5 42. Qb3+ Qc4 43. Qxc4+ bxc4 44. Ng3 Bf4 45. Ne2 Bg5 46. b3 Rd2 47. Ra1 Be3 48. bxc4 Ke6 49. Ke1 Rb2 50. a4 Kd6 51. Kd1 Kc5 52. a5 Kxc4 53. Ra4+ Kd3 54. Nc1+ Bxc1 55. Kxc1 Rxg2 56. c4 Rc2+ 57. Kb1 Rxc4 0-1

[Event "Madrid-ch"]
[Site "Madrid"]
[Date "2022.05.31"]
[Round "7"]
[White "Moreno Ruiz, Javier"]
[Black "Ingunza Curro, Andres"]
[Result "1/2-1/2"]
[WhiteElo "2422"]
[BlackElo "2374"]
[PlyCount "31"]
[EventDate "2022.05.25"]
[EventType "swiss"]
[EventRounds "7"]
[EventCountry "ESP"]
[SourceTitle "EXT 2023"]
[Source "ChessBase"]
[SourceDate "2022.10.05"]
[SourceVersion "1"]
[SourceVersionDate "2022.10.05"]
[SourceQuality "1"]

1. d4 d5 2. c4 e6 3. Nc3 Nf6 4. cxd5 exd5 5. Bg5 c6 6. Qc2 Be7 7. e3 Nbd7 8. Nf3 Nh5 9. Bxe7 Qxe7 10. Be2 g6 11. 0-0 Nb6 12. Bd3 0-0 13. Rab1 Ng7 14. b4 Bf5 15. b5 Bxd3 16. Qxd3 1/2-1/2

[Event "Madrid-ch"]
[Site "Madrid"]
[Date "2022.05.26"]
[Round "2"]
[White "Rey Martinez, Jaime"]
[Black "Moreno Ruiz, Javier"]
[Result "0-1"]
[WhiteElo "2055"]
[BlackElo "2422"]
[PlyCount "44"]
[EventDate "2022.05.25"]
[EventType "swiss"]
[EventRounds "7"]
[EventCountry "ESP"]
[SourceTitle "EXT 2023"]
[Source "ChessBase"]
[SourceDate "2022.10.05"]
[SourceVersion "1"]
[SourceVersionDate "2022.10.05"]
[SourceQuality "1"]

1. e4 e6 2. d4 d5 3. Nc3 Bb4 4. Nge2 Nc6 5. a3 Ba5 6. b4 Bb6 7. Bb2 Nh6 8. g3 Qf6 9. Qd3 Ng4 10. f3 Nce5 11. dxe5 Nxe5 12. 0-0-0 Nxd3+ 13. Rxd3 d4 14. Na4 e5 15. f4 Qh6 16. Kb1 f6 17. c3 Bh3 18. Nxb6 axb6 19. cxd4 Bxf1 20. Rxf1 Qxh2 21. Nc3 0-0-0 22. Nd5 Qe2 0-1

[Event "Collado Villalba op 38th"]
[Site "Collado Villalba"]
[Date "2021.08.28"]
[Round "8"]
[White "Elissalt Cardenas, Hector"]
[Black "Moreno Ruiz, Javier"]
[Result "1/2-1/2"]
[WhiteElo "2297"]
[BlackElo "2418"]
[PlyCount "117"]
[EventDate "2021.08.21"]
[EventType "swiss"]
[EventRounds "9"]
[EventCountry "ESP"]
[SourceTitle "EXT 2022"]
[Source "ChessBase"]
[SourceDate "2021.10.06"]
[SourceVersion "1"]
[SourceVersionDate "2021.10.06"]
[SourceQuality "1"]

1. d4 Nf6 2. c4 e6 3. Nc3 Bb4 4. e3 d5 5. a3 Bxc3+ 6. bxc3 0-0 7. Bd3 c5 8. cxd5 exd5 9. Ne2 b6 10. 0-0 Ba6 11. dxc5 bxc5 12. Bxa6 Nxa6 13. c4 dxc4 14. Qa4 Nc7 15. Qxc4 Qd5 16. Qxd5 Ncxd5 17. f3 Rab8 18. e4 Rfe8 19. Ra2 Nc7 20. Rc2 Ne6 21. Rd1 Red8 22. Rxd8+ Rxd8 23. Kf2 Kf8 24. Be3 Ke8 25. Rc3 Nd7 26. f4 Nf6 27. Ng3 Ng4+ 28. Ke2 Nxh2 29. f5 Nd4+ 30. Bxd4 cxd4 31. Rc7 d3+ 32. Kd2 h5 33. Rc1 h4 34. Nh5 Kf8 35. Nf4 Ng4 36. Nd5 Nf2 37. Nc3 Rd4 38. Ke3 d2 39. Rc2 Rd3+ 40. Kxf2 Rxc3 41. Rxd2 Rxa3 42. Rd8+ Ke7 43. Rh8 f6 44. Rxh4 a5 45. Rh8 a4 46. Ra8 Ra1 47. g3 a3 48. Kg2 Kd6 49. Ra5 a2 50. g4 Kc6 51. g5 Kb6 52. Ra8 Kb7 53. Ra5 Kb6 54. Ra8 fxg5 55. e5 Re1 56. Rxa2 Rxe5 57. Rf2 Kc5 58. f6 gxf6 59. Rxf6 1/2-1/2

[Event "Collado Villalba op 38th"]
[Site "Collado Villalba"]
[Date "2021.08.24"]
[Round "4"]
[White "Longa Yauca, Javier"]
[Black "Moreno Ruiz, Javier"]
[Result "0-1"]
[WhiteElo "2235"]
[BlackElo "2418"]
[PlyCount "103"]
[EventDate "2021.08.21"]
[EventType "swiss"]
[EventRounds "9"]
[EventCountry "ESP"]
[SourceTitle "CBM 204 Extra"]
[Source "ChessBase"]
[SourceDate "2021.11.30"]
[SourceVersion "1"]
[SourceVersionDate "2021.11.30"]
[SourceQuality "1"]

1. c4 e6 2. Nc3 d5 3. e3 Nf6 4. b3 c5 5. cxd5 exd5 6. d4 cxd4 7. Qxd4 Nc6 8. Bb5 Bd6 9. Bb2 0-0 10. Bxc6 bxc6 11. Nge2 Re8 12. 0-0 Ba6 13. Rfe1 Be5 14. Qh4 Ne4 15. Qxd8 Raxd8 16. Na4 Bxb2 17. Nxb2 c5 18. Rac1 d4 19. exd4 cxd4 20. Nf4 Nc3 21. h4 h6 22. h5 Ne2+ 23. Nxe2 Bxe2 24. Nc4 d3 25. Nd2 Bxh5 26. Re3 Bg6 27. Rc7 Rc8 28. Nc4 Red8 29. Rxc8 Rxc8 30. Re7 Rd8 31. Nd2 a6 32. f3 Kf8 33. Ra7 Rd6 34. a4 Ke8 35. b4 Rc6 36. Kf1 Kd8 37. a5 Kc8 38. g4 Kb8 39. Rd7 Kc8 40. Ra7 h5 41. gxh5 Bxh5 42. Kf2 Re6 43. Nc4 Re2+ 44. Kg3 d2 45. Nb6+ Kb8 46. Rd7 Re3 47. Rxd2 Rxf3+ 48. Kh4 Rf5 49. Rd8+ Kc7 50. Rg8 g6 51. Rc8+ Kb7 52. Rc4 0-1

[Event "Madrid-ch Final"]
[Site "Madrid"]
[Date "2021.05.28"]
[Round "7"]
[White "Martin Duque, Jesus"]
[Black "Moreno Ruiz, Javier"]
[Result "1/2-1/2"]
[WhiteElo "2432"]
[BlackElo "2426"]
[PlyCount "56"]
[EventDate "2021.05.22"]
[EventType "swiss"]
[EventRounds "7"]
[EventCountry "ESP"]
[SourceTitle "CBM 203 Extra"]
[Source "ChessBase"]
[SourceDate "2021.09.30"]
[SourceVersion "1"]
[SourceVersionDate "2021.09.30"]
[SourceQuality "1"]

1. Nf3 Nf6 2. b3 d5 3. Bb2 Bg4 4. e3 Nbd7 5. h3 Bxf3 6. Qxf3 e5 7. g4 c6 8. Nc3 Nc5 9. g5 Nfd7 10. h4 Bd6 11. e4 d4 12. Ne2 Ne6 13. Ng3 g6 14. Bc4 Qe7 15. a4 a5 16. Qg4 Ndc5 17. Ne2 Rd8 18. Rh3 h6 19. gxh6 Rxh6 20. 0-0-0 Qf6 21. Rf1 Be7 22. f4 Rxh4 23. Rxh4 Qxh4 24. Qxh4 Bxh4 25. fxe5 Bg5 26. Kd1 Bh6 27. d3 Bg7 28. Ba3 Rd7 1/2-1/2

[Event "Madrid-ch Final"]
[Site "Madrid"]
[Date "2021.05.24"]
[Round "3"]
[White "Moreno Ruiz, Javier"]
[Black "Demerson Joly, Javier"]
[Result "1-0"]
[WhiteElo "2426"]
[BlackElo "1959"]
[PlyCount "51"]
[EventDate "2021.05.22"]
[EventType "swiss"]
[EventRounds "7"]
[EventCountry "ESP"]
[SourceTitle "CBM 203 Extra"]
[Source "ChessBase"]
[SourceDate "2021.09.30"]
[SourceVersion "1"]
[SourceVersionDate "2021.09.30"]
[SourceQuality "1"]

1. Nf3 d5 2. g3 Bg4 3. Bg2 Nd7 4. 0-0 c6 5. d3 Bxf3 6. Bxf3 Ngf6 7. Bg2 e5 8. e4 dxe4 9. dxe4 Bc5 10. Nd2 0-0 11. Qe2 Qe7 12. Nf3 Rfe8 13. Nh4 g6 14. Bh3 Nf8 15. c3 a5 16. a4 Ne6 17. Nf3 Qc7 18. Qc4 Bf8 19. Be3 h5 20. Nh4 Ng4 21. Bxg4 hxg4 22. Qe2 Bc5 23. Bxc5 Nxc5 24. Qxg4 Rad8 25. Qe2 Ne6 26. Nf3 1-0

[Event "Madrid-ch Final"]
[Site "Madrid"]
[Date "2021.05.22"]
[Round "1"]
[White "Martinez Fernandez, Raul"]
[Black "Moreno Ruiz, Javier"]
[Result "1-0"]
[WhiteElo "2141"]
[BlackElo "2426"]
[PlyCount "97"]
[EventDate "2021.05.22"]
[EventType "swiss"]
[EventRounds "7"]
[EventCountry "ESP"]
[SourceTitle "CBM 203 Extra"]
[Source "ChessBase"]
[SourceDate "2021.09.30"]
[SourceVersion "1"]
[SourceVersionDate "2021.09.30"]
[SourceQuality "1"]

1. e4 d6 2. d4 Nf6 3. Nc3 Nbd7 4. Be3 e5 5. f3 Be7 6. g4 0-0 7. Nge2 c6 8. Ng3 exd4 9. Qxd4 d5 10. g5 c5 11. Qd3 d4 12. gxf6 Bxf6 13. Nd5 Ne5 14. Qe2 dxe3 15. 0-0-0 Bg5 16. h4 Bh6 17. Bh3 Qa5 18. Kb1 Be6 19. Nf5 Bxf5 20. Bxf5 Rad8 21. f4 Nc6 22. c3 b5 23. Rdg1 Kh8 24. Qh5 Rd6 25. e5 Rg6 26. Bxg6 fxg6 27. Qe2 b4 28. Qxe3 bxc3 29. Qxc3 Qb5 30. Rd1 Nd4 31. Rxd4 cxd4 32. Qxd4 Qe2 33. Rc1 Qg4 34. Qe4 Qe6 35. a3 Rb8 36. Ka1 a5 37. Rc5 Qg4 38. Qc4 a4 39. Ka2 Ra8 40. Rb5 Qxh4 41. e6 Qe1 42. Qxa4 Rg8 43. e7 Qe6 44. Qd4 g5 45. Qe5 Qxe5 46. fxe5 g4 47. Nc7 Bf4 48. Rd5 g3 49. Rd8 1-0

[Event "ESP-ch 85th"]
[Site "Linares"]
[Date "2020.09.02"]
[Round "3"]
[White "Moreno Ruiz, Javier"]
[Black "Habans Aguerrea, Javier"]
[Result "1-0"]
[WhiteElo "2437"]
[BlackElo "2181"]
[PlyCount "43"]
[EventDate "2020.08.31"]
[EventType "swiss"]
[EventRounds "9"]
[EventCountry "ESP"]
[SourceTitle "EXT 2021"]
[Source "ChessBase"]
[SourceDate "2020.10.23"]
[SourceVersion "1"]
[SourceVersionDate "2020.10.23"]
[SourceQuality "1"]

1. d4 Nf6 2. Nc3 d5 3. Bf4 c5 4. e3 cxd4 5. exd4 a6 6. Nf3 Nc6 7. Ne5 Qb6 8. Na4 Qa5+ 9. c3 Bf5 10. Nxc6 bxc6 11. Qb3 Nh5 12. Qb7 Rd8 13. Bc7 Qxa4 14. Bxd8 Kxd8 15. Bxa6 e6 16. Qc8+ Ke7 17. Qc7+ Kf6 18. Be2 Kg5 19. h4+ Kg6 20. g4 Bxg4 21. Bxg4 Nf6 22. h5+ 1-0

[Event "ESP-ch 85th"]
[Site "Linares"]
[Date "2020.08.31"]
[Round "1"]
[White "Moreno Ruiz, Javier"]
[Black "Rodriguez Ferreiros, Andres"]
[Result "1-0"]
[WhiteElo "2437"]
[BlackElo "2053"]
[PlyCount "61"]
[EventDate "2020.08.31"]
[EventType "swiss"]
[EventRounds "9"]
[EventCountry "ESP"]
[SourceTitle "EXT 2021"]
[Source "ChessBase"]
[SourceDate "2020.10.23"]
[SourceVersion "1"]
[SourceVersionDate "2020.10.23"]
[SourceQuality "1"]

1. e4 c5 2. Nf3 Nc6 3. Bb5 e6 4. 0-0 Nd4 5. Nxd4 cxd4 6. c3 a6 7. Bd3 Bc5 8. b4 Ba7 9. Bb2 e5 10. cxd4 exd4 11. Na3 d5 12. exd5 Ne7 13. Re1 0-0 14. Qh5 h6 15. Bc4 b5 16. Bb3 Bb7 17. Re5 Ng6 18. Re4 f5 19. Ree1 Nf4 20. Qf3 Qd6 21. Nc2 d3 22. Be5 Qd7 23. Qxf4 dxc2 24. d6+ Kh7 25. Bxg7 Qxg7 26. Re7 Rac8 27. Rxg7+ Kxg7 28. Rc1 Be4 29. Qe5+ Kg6 30. d7 Rcd8 31. d3 1-0

[Event "Madrid-ch final"]
[Site "Madrid"]
[Date "2020.07.22"]
[Round "5"]
[White "Suarez Uriel, Adrian"]
[Black "Moreno Ruiz, Javier"]
[Result "1/2-1/2"]
[WhiteElo "2340"]
[BlackElo "2436"]
[PlyCount "106"]
[EventDate "2020.07.18"]
[EventType "swiss"]
[EventRounds "7"]
[EventCountry "ESP"]
[SourceTitle "EXT 2021"]
[Source "ChessBase"]
[SourceDate "2020.10.23"]
[SourceVersion "1"]
[SourceVersionDate "2020.10.23"]
[SourceQuality "1"]

1. e4 e6 2. d4 d5 3. Nc3 Bb4 4. e5 c5 5. a3 Bxc3+ 6. bxc3 Ne7 7. h4 Nbc6 8. h5 Qa5 9. Bd2 h6 10. Qg4 Nf5 11. Bd3 Rg8 12. Qd1 c4 13. Bxf5 exf5 14. a4 Be6 15. Ne2 0-0-0 16. Nf4 Kb8 17. Qb1 Rc8 18. Qb5 b6 19. 0-0 Qxb5 20. axb5 Ne7 21. Bc1 g5 22. hxg6 Nxg6 23. Nh5 f4 24. f3 Nh4 25. Rf2 Nxf3+ 26. Rxf3 Bg4 27. Kf2 Bxh5 28. Rh3 Bg6 29. Bxf4 Kb7 30. Rxh6 Rh8 31. Rah1 Rxh6 32. Rxh6 Re8 33. g4 Kc8 34. e6 Rxe6 35. Rh8+ Kd7 36. Ra8 Bxc2 37. Rxa7+ Ke8 38. g5 f6 39. gxf6 Rxf6 40. Ke3 Be4 41. Rb7 Kf8 42. Bg5 Rf3+ 43. Kd2 Rf2+ 44. Kd1 Rf3 45. Be7+ Ke8 46. Bb4 Rf6 47. Kc1 Re6 48. Kb2 Kd8 49. Ka3 Kc8 50. Rf7 Rg6 51. Rf8+ Kd7 52. Rf7+ Kc8 53. Rf8+ Kd7 1/2-1/2

[Event "Madrid-ch final"]
[Site "Madrid"]
[Date "2020.07.20"]
[Round "3"]
[White "Martinez Fernandez, Raul"]
[Black "Moreno Ruiz, Javier"]
[Result "1/2-1/2"]
[WhiteElo "2220"]
[BlackElo "2436"]
[PlyCount "91"]
[EventDate "2020.07.18"]
[EventType "swiss"]
[EventRounds "7"]
[EventCountry "ESP"]
[SourceTitle "EXT 2021"]
[Source "ChessBase"]
[SourceDate "2020.10.23"]
[SourceVersion "1"]
[SourceVersionDate "2020.10.23"]
[SourceQuality "1"]

1. e4 c5 2. Nf3 Nc6 3. Bb5 d6 4. 0-0 Bd7 5. Re1 Nf6 6. Bxc6 Bxc6 7. e5 dxe5 8. Nxe5 Rc8 9. d3 e6 10. Nc3 Be7 11. b3 0-0 12. Nxc6 Rxc6 13. Bb2 Qd7 14. Qf3 Rd8 15. a4 Rcc8 16. Re5 Ne8 17. Rae1 Bf6 18. R5e2 Nd6 19. g4 a6 20. Ba1 b5 21. axb5 axb5 22. Ne4 Bxa1 23. Rxa1 Nxe4 24. Qxe4 Qc7 25. c3 Rd5 26. Rea2 Qd8 27. c4 Rd4 28. Qb7 Rb8 29. Qxb8 Qxb8 30. Ra8 Rd8 31. Rxb8 Rxb8 32. cxb5 g5 33. Ra5 Kg7 34. Kg2 Kf6 35. Kf3 Ke5 36. Ke3 Kd5 37. Ra7 f6 38. Rxh7 Rxb5 39. Rd7+ Ke5 40. h4 Rxb3 41. h5 Rb1 42. Kf3 Rg1 43. Rc7 Kd4 44. Rd7+ Ke5 45. Rc7 Kd4 46. Rd7+ 1/2-1/2

[Event "Madrid-ch final"]
[Site "Madrid"]
[Date "2020.07.19"]
[Round "2"]
[White "Moreno Ruiz, Javier"]
[Black "Gago Padreny, Ignacio"]
[Result "1/2-1/2"]
[WhiteElo "2436"]
[BlackElo "2289"]
[PlyCount "120"]
[EventDate "2020.07.18"]
[EventType "swiss"]
[EventRounds "7"]
[EventCountry "ESP"]
[SourceTitle "EXT 2021"]
[Source "ChessBase"]
[SourceDate "2020.10.23"]
[SourceVersion "1"]
[SourceVersionDate "2020.10.23"]
[SourceQuality "1"]

1. e4 c6 2. d4 d5 3. exd5 cxd5 4. Bd3 Nc6 5. c3 Nf6 6. h3 g6 7. Nf3 Bf5 8. Be2 Bg7 9. Bf4 0-0 10. 0-0 Ne4 11. Nbd2 f6 12. Bh2 e5 13. Nb3 Kh8 14. Ne1 Qb6 15. Kh1 Rad8 16. f3 Nd6 17. g4 Be6 18. Bg1 e4 19. Nc5 Bf7 20. Qb3 Qxb3 21. axb3 a5 22. Bh2 b6 23. Na4 exf3 24. Nxf3 Rfe8 25. Rae1 Ne4 26. Nxb6 Rb8 27. Bxb8 Rxb8 28. Na4 Ng3+ 29. Kg2 Nxf1 30. Bd1 Bf8 31. Rxf1 Kg7 32. Ne1 Bd6 33. Nd3 Ne7 34. Nac5 f5 35. Nd7 Rb5 36. N7e5 Be6 37. Bc2 fxg4 38. hxg4 Ng8 39. Nf4 Bc8 40. g5 Ne7 41. Ned3 Bf5 42. Bd1 Be4+ 43. Kg1 Nf5 44. Ne6+ Kg8 45. Ndc5 Bg3 46. Be2 Rb6 47. Ra1 Kf7 48. Nxe4 dxe4 49. Nc5 Bf4 50. Bc4+ Ke7 51. Nxe4 Nd6 52. Nxd6 Kxd6 53. Rxa5 Bc1 54. Re5 Kc6 55. Rc5+ Kd6 56. Bg8 Bxb2 57. b4 Rc6 58. Bxh7 Bxc3 59. Rxc6+ Kxc6 60. Bxg6 Bxd4+ 1/2-1/2

[Event "Madrid-chT 1920 Honor"]
[Site "Madrid"]
[Date "2020.02.23"]
[Round "10.3"]
[White "Barraza Caracuel, Ignacio"]
[Black "Moreno Ruiz, Javier"]
[Result "0-1"]
[WhiteElo "2128"]
[BlackElo "2434"]
[PlyCount "95"]
[EventDate "2019.11.24"]
[EventType "team-tourn"]
[EventRounds "12"]
[EventCountry "ESP"]
[SourceTitle "EXT 2021"]
[Source "ChessBase"]
[SourceDate "2020.10.23"]
[SourceVersion "1"]
[SourceVersionDate "2020.10.23"]
[SourceQuality "1"]
[WhiteTeam "Liberty Chess"]
[BlackTeam "Collado Villalba"]
[WhiteTeamCountry "ESP"]
[BlackTeamCountry "ESP"]

1. d4 Nf6 2. c4 e6 3. Nf3 d5 4. cxd5 exd5 5. Nc3 c6 6. Bg5 Be7 7. e3 Bf5 8. Bd3 Bxd3 9. Qxd3 Nbd7 10. 0-0 0-0 11. Rab1 a5 12. h3 Re8 13. Bf4 Nf8 14. Ne5 Bd6 15. Qc2 Ne6 16. Bh2 Nd7 17. f4 f6 18. Nd3 Nb6 19. b3 Qd7 20. a4 Nc8 21. Rbe1 Bc7 22. f5 Bxh2+ 23. Kxh2 Ng5 24. h4 Nf7 25. Nc5 Qc7+ 26. g3 Ncd6 27. Ne6 Qd7 28. e4 dxe4 29. Nxe4 Nxe4 30. Rxe4 Re7 31. Nc5 Qc7 32. Rfe1 Rae8 33. Re6 Nd8 34. Rxe7 Rxe7 35. Qc4+ Kf8 36. Ne6+ Nxe6 37. fxe6 Qd6 38. Re3 Ke8 39. Qe2 Qd5 40. Re4 Kd8 41. Qe3 Kc8 42. g4 Qd6+ 43. Kh3 b6 44. Qe2 Kb7 45. Qc4 Qd5 46. Qxd5 cxd5 47. Re3 Kc6 48. Kg3 0-1